000 00535nam a2200169Ia 4500
008 090201s9999 xx 000 0 und d
010 _aKPL-48334
040 _bमराठी
041 _aमराठी
082 _a35383
_b48334
100 _aकर्नल रंजीत
245 _aआग का समुंदर
_cकर्नल रंजीत
260 _c2004
_bअभीनव पॉकेट बुक्स
300 _a175
_bमोठा
600 _aआग का समुंदर
942 _cBOOK
999 _c233511
_d233511